| 000 | 01401nam a2200229Ia 4500 | ||
|---|---|---|---|
| 001 | 12277 | ||
| 003 | GE_BSU | ||
| 008 | 181216s||||||||xx |||||||||||||| ||und|| | ||
| 020 | _a9789941434785 | ||
| 040 | _cGE_BSU | ||
| 080 | _a821.353.1-92+821.353.1-6 | ||
| 245 | _aგამონათლევი.I სამეცნიერო და მხატვრულ პუბლიცისტური წერილების კრებული. | ||
| 245 | _cმთ.რედ:ალიოშა ბაკურიძე. | ||
| 260 | _aბათუმი. | ||
| 260 | _bბათუმის შოთა რუსთაველის სახ. უნ-ტი. | ||
| 260 | _c2014 | ||
| 300 | _a623გვ;30სმ. | ||
| 520 | _aკრებული ეძღვნება სრულიად საქ-ოს კათოლიკოს-პატრიარქის,უწმინდესის და უნეტარესის ილია მეორის დაბადებიდან 80 და აჭარის დედასამშობლოსთან დაბრუნების 135 წლისთავს. | ||
| 541 | _h20ლ. | ||
| 653 | _aგამონათლევი.I სამეცნიერო და მხატვრულ პუბლიცისტური წერილების კრებული. | ||
| 942 | _cBK | ||
| 999 |
_c45453 _d45453 |
||